000 00471nam a2200109Ia 4500
008 220204s9999 xx 000 0 und d
082 _a581.1:061.32019
_bKAU
245 0 _aNational Conference of Plant Physiology 2019-Plant productivity and stress management, 19-21 December 2019, Kerala Agricultural University, Thrissur and Indian Society for Plant Physiology, New Delhi
260 _aNew Delhi
_bIndian Society for Plant Physiology
_c2019
300 _a180p.
942 _cBK
999 _c44897
_d44897